| 000 | 00665cab a2200265 4500 | ||
|---|---|---|---|
| 001 | ABS60581 | ||
| 008 | 090401t1999 xxu||||| |||| 00| 0 eng d | ||
| 035 | _a(Sirsi) u93231 | ||
| 041 | _aeng | ||
| 100 | _aTanney, A. | ||
| 245 | _aTaking the sting out of lease renewals | ||
| 260 | _c1999 | ||
| 350 | _a0 | ||
| 490 |
_aProperty Week _v64 (17) 30 April 1999, 41(1) |
||
| 650 | _aEXPERT EVIDENCE | ||
| 650 | _aLANDLORD AND TENANT ACT 1954 PART II | ||
| 650 | _aLEASE RENEWALS | ||
| 650 | _aMARKET RENT | ||
| 650 | _aRENT | ||
| 650 |
_aValuation _96273 |
||
| 690 | _aRATING AND VALUATION | ||
| 700 | _aShea, C. | ||
| 942 | _n0 | ||
| 948 | _c10/05/1999 | ||
| 999 |
_c59094 _d59094 |
||